MARC details
| 000 -CABECERA |
| campo de control de longitud fija |
00869cam a2200277 i 4500 |
| 001 - NÚMERO DE CONTROL |
| campo de control |
000018973 |
| 005 - FECHA Y HORA DE LA ÚLTIMA TRANSACCIÓN |
| campo de control |
20200929165906.0 |
| 008 - DATOS DE LONGITUD FIJA--INFORMACIÓN GENERAL |
| campo de control de longitud fija |
750523s1974 qucb b 001 0 fre |
| 010 ## - NÚMERO DE CONTROL DE LA BIBLIOTECA DEL CONGRESO |
| Número de control de LC |
75506278 |
| 015 ## - NÚMERO DE BIBLIOGRAFÍA NACIONAL |
| Número de bibliografía nacional |
C74-6688-9 |
| 020 ## - NÚMERO INTERNACIONAL ESTÁNDAR DEL LIBRO |
| Condiciones de disponibilidad |
$5.95 |
| 040 ## - FUENTE DE LA CATALOGACIÓN |
| Centro catalogador/agencia de origen |
DO-SdBNP |
| Centro/agencia transcriptor |
DLC |
| Centro/agencia modificador |
DLC |
| 043 ## - CÓDIGO DE ÁREA GEOGRÁFICA |
| Código de área geográfica |
n-cn--- |
| 050 00 - SIGNATURA TOPOGRÁFICA DE LA BIBLIOTECA DEL CONGRESO |
| Número de clasificación |
PN6455.C3 |
| Número de documento/Ítem |
D4 |
| 082 00 - NÚMERO DE LA CLASIFICACIÓN DECIMAL DEWEY |
| Número de clasificación |
398.9/41 |
| 100 1# - ENTRADA PRINCIPAL--NOMBRE DE PERSONA |
| Nombre de persona |
DesRuisseaux, Pierre, |
| Fechas asociadas al nombre |
1945- |
| 9 (RLIN) |
40818 |
| 245 13 - MENCIÓN DE TÍTULO |
| Título |
Le livre des proverbes quebecois / |
| Mención de responsabilidad, etc. |
Pierre Des Ruisseaux. |
| 260 ## - PUBLICACIÓN, DISTRIBUCIÓN, ETC. |
| Lugar de publicación, distribución, etc. |
Montreal : |
| Nombre del editor, distribuidor, etc. |
L'Aurore, |
| Fecha de publicación, distribución, etc. |
1974. |
| 300 ## - DESCRIPCIÓN FÍSICA |
| Extensión |
203 p. : |
| Otras características físicas |
map ; |
| Dimensiones |
21 cm. |
| 490 0# - MENCIÓN DE SERIE |
| Mención de serie |
Collection Connaissance des pays quebecois ; v. 1 |
| 500 ## - NOTA GENERAL |
| Nota general |
"Distribution: La Maison de Diffusion-Quebec ... Montreal." |
| 504 ## - NOTA DE BIBLIOGRAFÍA, ETC. |
| Nota de bibliografía, etc. |
Bibliography: p. 183-[185] |
| 500 ## - NOTA GENERAL |
| Nota general |
Includes index. |
| 650 #0 - PUNTO DE ACCESO ADICIONAL DE MATERIA--TÉRMINO DE MATERIA |
| Término de materia o nombre geográfico como elemento de entrada |
Proverbs, french-canadian. |
| 9 (RLIN) |
40819 |
| 910 ## - DATOS DE OPCIÓN DEL USUARIO (OCLC) |
| Datos de opción del usuario |
Catalogación derivada / LC |